Law on obligations and contracts: (Record no. 2010)
[ view plain ]
| 000 -LEADER | |
|---|---|
| fixed length control field | 00664nam a22001697a 4500 |
| 008 - FIXED-LENGTH DATA ELEMENTS--GENERAL INFORMATION | |
| fixed length control field | 160427b xxu||||| |||| 00| 0 eng d |
| 082 ## - DEWEY DECIMAL CLASSIFICATION NUMBER | |
| Edition number | 2007 |
| Classification number | DFil 346.02 |
| Item number | B21l |
| 100 ## - MAIN ENTRY--PERSONAL NAME | |
| 9 (RLIN) | 6464 |
| Personal name | Ballada, Susan. |
| 245 ## - TITLE STATEMENT | |
| Title | Law on obligations and contracts: |
| Remainder of title | simplified per CHED model syllabus with introduction to law and exercises/ |
| Statement of responsibility, etc. | Susan Ballada and Leo Paolo L. Perez. |
| 250 ## - EDITION STATEMENT | |
| Edition statement | 2nd edition |
| Remainder of edition statement | 2007 issue. |
| 260 ## - PUBLICATION, DISTRIBUTION, ETC. (IMPRINT) | |
| Place of publication, distribution, etc. | Manila: |
| Name of publisher, distributor, etc. | Dynasty BookSource Asia, |
| Date of publication, distribution, etc. | c2007. |
| 300 ## - PHYSICAL DESCRIPTION | |
| Extent | xiv, 306 pages; |
| Dimensions | 25 cm. |
| 650 #0 - SUBJECT ADDED ENTRY--TOPICAL TERM | |
| 9 (RLIN) | 6470 |
| Topical term or geographic name as entry element | Law, Obligations and contract. |
| 650 #0 - SUBJECT ADDED ENTRY--TOPICAL TERM | |
| 9 (RLIN) | 6472 |
| Topical term or geographic name as entry element | Contracts |
| General subdivision | Law and legislations. |
| 700 ## - ADDED ENTRY--PERSONAL NAME | |
| 9 (RLIN) | 6465 |
| Personal name | Perez, Leo Paolo L. |
| 942 ## - ADDED ENTRY ELEMENTS (KOHA) | |
| Source of classification or shelving scheme | Dewey Decimal Classification |
| Koha item type | Filipiniana |
| Withdrawn status | Lost status | Source of classification or shelving scheme | Damaged status | Not for loan | Collection code | Home library | Current library | Shelving location | Date acquired | Source of acquisition | Total Checkouts | Full call number | Barcode | Date last seen | Date last checked out | Price effective from | Koha item type |
|---|---|---|---|---|---|---|---|---|---|---|---|---|---|---|---|---|---|
| Dewey Decimal Classification | Filipiniana | UM Digos College - LIC | UM Digos College - LIC | Book Cart | 04/27/2016 | Donation | 9 | DFil 346.02 B21l 2007 | 20837 | 05/15/2025 | 09/05/2024 | 04/27/2016 | Filipiniana |
